000 01207nam a22001937a 4500
005 20250918165208.0
010 _aB-775807-819 20BACCHHN25
020 _a9788188118458
_c250.00
035 _aB-775807-819
037 _bआर्य प्रकाशन मंडल
082 _a
100 _aचेतन कुमार
_985139
245 _aपहिये की विकास कथा /
_cचेतन कुमार
260 _aनयी दिल्ली
_bआर्य प्रकाशन मंडल
_c2021
270 _aरूम नं.-210-211, 4855/24, अंसारी रोड
_bनयी दिल्ली
_e110002
300 _a72पृ.
_c22सेमी (सजिल्द)
_bसचित्र
942 _adpl
_cCH
_2ddc
_mचेतन
_h
999 _c209617
_d209617